[Event "Open"]
[Site "Roma ITA"]
[Date "1995.??.??"]
[Round "?"]
[White "Ferretti, Folco"]
[Black "Scacco, Mauro"]
[Result "1-0"]
[WhiteElo "2275"]
[BlackElo "2004"]
[PlyCount "103"]
[EventDate "1995.??.??"]

1. e4 e5 2. Nf3 Nc6 3. Bc4 Bc5 4. c3 Qe7 5. d4 Bb6 6. O-O d6 7. h3 Nf6 8. a4 a5
9. Be3 Bd7 10. Nbd2 O-O-O 11. dxe5 Nxe5 12. Bxb6 cxb6 13. Qb3 Kc7 14. Nxe5 dxe5
15. Bxf7 Be6 16. Bxe6 Rxd2 17. Rad1 Rhd8 18. Bd5 Rxd1 19. Rxd1 Qc5 20. Rd3 g5
21. Qd1 h5 22. Qf3 Rf8 23. Qe3 Qxe3 24. Rxe3 Nxd5 25. exd5 Kd6 26. c4 Rf4 27.
b3 b5 28. Rc3 bxa4 29. bxa4 Rd4 30. Kf1 Rd2 31. Rb3 Ra2 32. Rxb7 Rxa4 33. Rb6+
Kd7 34. c5 Ra2 35. Rb7+ Kc8 36. Ra7 Kb8 37. Re7 Rd2 38. Rxe5 a4 39. Re8+ Kb7
40. c6+ Kc7 41. Re7+ Kc8 42. Ra7 Rxd5 43. Rxa4 Rc5 44. Ra7 Rxc6 45. Rh7 h4 46.
Rg7 Rc5 47. Ke2 Rf5 48. Ke3 Kd8 49. Ke4 Rxf2 50. Rxg5 Ke7 51. Rg4 Ra2 52. Kf3
1-0

[Event "Open"]
[Site "Roma ITA"]
[Date "1995.??.??"]
[Round "?"]
[White "Ianniello, Riccardo"]
[Black "Ferretti, Folco"]
[Result "1-0"]
[WhiteElo "2320"]
[BlackElo "2275"]
[PlyCount "123"]
[EventDate "1995.??.??"]

1. e4 e6 2. Nf3 d5 3. e5 c5 4. c3 Nc6 5. Bb5 Nge7 6. O-O Qb6 7. Ba4 d4 8. Na3
Ng6 9. h4 Bd7 10. Re1 Be7 11. h5 Nf4 12. d3 Nd5 13. Nc4 Qc7 14. Bxc6 Bxc6 15.
cxd4 b5 16. Ncd2 Nf4 17. Ne4 Nxh5 18. dxc5 Bxe4 19. Rxe4 Bxc5 20. Qb3 Qc6 21.
Qc2 Rc8 22. d4 Bb6 23. Qxc6+ Rxc6 24. Rh4 g6 25. Bh6 Rg8 26. g4 Ng7 27. Kg2 Rc2
28. b3 Bd8 29. Rhh1 f5 30. exf6 Bxf6 31. a4 b4 32. Rac1 Rxc1 33. Rxc1 Kd7 34.
g5 Nf5 35. gxf6 Nxh6 36. Ne5+ Kd6 37. Kf3 Kd5 38. Nc6 Rf8 39. Nxb4+ Kxd4 40.
Rc4+ Ke5 41. Nc6+ Kd5 42. Nxa7 Rxf6+ 43. Ke2 Nf5 44. Nb5 Rf8 45. a5 Ne7 46. a6
Nc6 47. a7 Nxa7 48. Nxa7 Rb8 49. Rc3 h5 50. Nc6 Rb7 51. Na5 Rb4 52. Nc4 g5 53.
Re3 Kd4 54. Nd2 Kd5 55. Nc4 Kd4 56. Ne5 Kd5 57. Nd7 h4 58. Nf6+ Kd4 59. Re4+
Kc3 60. Rxb4 Kxb4 61. Kf3 Kxb3 62. Ne4 1-0

[Event "Open"]
[Site "Roma ITA"]
[Date "1995.??.??"]
[Round "?"]
[White "Ianniello, Riccardo"]
[Black "Quimi, Marco"]
[Result "1/2-1/2"]
[WhiteElo "2320"]
[BlackElo "2200"]
[PlyCount "153"]
[EventDate "1995.??.??"]

1. e4 c5 2. Nf3 Nc6 3. Bc4 e6 4. Qe2 d6 5. c3 Nf6 6. Bb3 Be7 7. O-O O-O 8. d4
e5 9. dxc5 dxc5 10. h3 h6 11. Rd1 Qc7 12. Nbd2 Re8 13. Nf1 Bf8 14. Ne3 Be6 15.
Bxe6 Rxe6 16. Nd5 Qd8 17. Nh2 Rd6 18. Qf3 Nxd5 19. exd5 Ne7 20. c4 f5 21. Qe3
Ng6 22. b3 b6 23. Bb2 e4 24. f3 Qh4 25. fxe4 fxe4 26. Rf1 Re8 27. Rae1 Rd7 28.
Qf2 Qd8 29. Qf5 Nh4 30. Qg4 Qg5 31. Qxg5 hxg5 32. Bc1 g6 33. Bxg5 Nf5 34. Rf4
Bg7 35. g4 Bd4+ 36. Kh1 Nd6 37. Rff1 b5 38. Bf4 bxc4 39. Bxd6 cxb3 40. Bxc5
Bxc5 41. axb3 Rxd5 42. Rf6 Kg7 43. Rc6 Bb6 44. Rc4 e3 45. Nf3 Rf8 46. Kg2 Rd3
47. Re2 Rxb3 48. Nd4 Bxd4 49. Rxd4 Ra8 50. g5 a5 51. Rd7+ Kg8 52. Rc2 Rf8 53.
Rcc7 Rf2+ 54. Kg3 Rf5 55. Rd8+ Rf8 56. Rxf8+ Kxf8 57. Kf3 a4 58. Ra7 a3 59. h4
Ke8 60. Rg7 Rb6 61. Ra7 Rb3 62. Rg7 Rb4 63. Ra7 Rc4 64. Ke2 Rxh4 65. Rxa3 Rh2+
66. Ke1 Rh3 67. Ke2 Rh2+ 68. Ke1 e2 69. Re3+ Kd7 70. Rf3 Rg2 71. Rf7+ Ke8 72.
Rg7 Rxg5 73. Kxe2 Kf8 74. Rc7 Rf5 75. Ke3 Rf7 76. Rxf7+ Kxf7 77. Kf3 1/2-1/2

[Event "Open"]
[Site "Roma ITA"]
[Date "1995.??.??"]
[Round "?"]
[White "Ianniello, Riccardo"]
[Black "Quinto, Gianni"]
[Result "1-0"]
[WhiteElo "2320"]
[BlackElo "2250"]
[PlyCount "85"]
[EventDate "1995.??.??"]

1. e4 e6 2. Nf3 d5 3. e5 c5 4. c3 Nc6 5. Bb5 Nge7 6. O-O Ng6 7. d4 Bd7 8. Ba4
Be7 9. a3 O-O 10. Bc2 cxd4 11. cxd4 Qb6 12. Nc3 Be8 13. b4 Rc8 14. Qd3 f6 15.
exf6 Rxf6 16. Be3 Qc7 17. Rfc1 Bxb4 18. axb4 Nxb4 19. Qd2 Nxc2 20. Rxc2 Rxf3
21. gxf3 Nh4 22. Bf4 Nxf3+ 23. Kg2 Nxd2 24. Bxc7 Nb3 25. Rxa7 Rxc7 26. Rb2 Nxd4
27. Rbxb7 Rxb7 28. Rxb7 Nf5 29. Rc7 h6 30. Kf3 Bh5+ 31. Kf4 d4 32. Ne4 d3 33.
Rd7 Be2 34. Nc5 Ne7 35. Nxe6 Kf7 36. Nc5 Kf6 37. Rd6+ Kf7 38. Nxd3 Ng6+ 39. Ke3
Bxd3 40. Rxd3 Ne5 41. Rd4 g5 42. Ke4 Ng6 43. Rd7+ 1-0

[Event "Open"]
[Site "Roma ITA"]
[Date "1995.??.??"]
[Round "?"]
[White "Ianniello, Riccardo"]
[Black "Tan, Chengxuan"]
[Result "1-0"]
[WhiteElo "2320"]
[BlackElo "2410"]
[PlyCount "59"]
[EventDate "1995.??.??"]

1. e4 c5 2. Nf3 Nc6 3. Bc4 e6 4. Qe2 Be7 5. O-O d6 6. c3 Nf6 7. Bb3 O-O 8. d4
b6 9. Re1 a5 10. d5 a4 11. Bc2 Ne5 12. Nxe5 dxe5 13. c4 Ne8 14. Nc3 Bd7 15. f4
f6 16. dxe6 Bxe6 17. Nxa4 Nd6 18. b3 Nf7 19. Rd1 Qb8 20. f5 Bc8 21. Nc3 Nd8 22.
Nd5 Nc6 23. Rd3 Rf7 24. Qh5 Nd4 25. Rh3 h6 26. Bxh6 gxh6 27. Qg6+ Kf8 28. Rxh6
Ke8 29. Rh7 Nxc2 30. Qxf7+ 1-0

[Event "Open"]
[Site "Roma ITA"]
[Date "1995.??.??"]
[Round "?"]
[White "Malloni, Marcello"]
[Black "Coppini, Giorgio"]
[Result "1/2-1/2"]
[WhiteElo "2195"]
[BlackElo "2255"]
[PlyCount "77"]
[EventDate "1995.??.??"]

1. e4 d6 2. d4 Nf6 3. Nc3 g6 4. Nf3 Bg7 5. Be2 O-O 6. Be3 c6 7. a4 Nbd7 8. O-O
Qc7 9. a5 e5 10. dxe5 dxe5 11. Nd2 Rd8 12. Qe1 Nf8 13. Na4 Ne6 14. c3 Nf4 15.
Bc4 Be6 16. Bxe6 Nxe6 17. f3 Nf4 18. g3 Ne6 19. Qf2 c5 20. Qe2 Qc6 21. Rfd1 b5
22. axb6 axb6 23. b3 b5 24. Nb2 h6 25. Qf1 Nd7 26. Bf2 Nb6 27. Qe2 Kh7 28. Nf1
b4 29. cxb4 Rxd1 30. Qxd1 cxb4 31. Rxa8 Nxa8 32. Nc4 Nd4 33. Be1 Nb6 34. Nfe3
Qb5 35. Kg2 Nd7 36. Nd5 Nc5 37. Bxb4 Ncxb3 38. Nce3 Qa6 39. Nc3 1/2-1/2

[Event "Open"]
[Site "Roma ITA"]
[Date "1995.??.??"]
[Round "?"]
[White "Malloni, Marcello"]
[Black "Ferretti, Folco"]
[Result "1/2-1/2"]
[WhiteElo "2195"]
[BlackElo "2275"]
[PlyCount "59"]
[EventDate "1995.??.??"]

1. d4 d5 2. c4 c6 3. Nc3 Nf6 4. e3 a6 5. a4 e6 6. Nf3 Nbd7 7. Bd3 Bb4 8. O-O
O-O 9. Bd2 Qe7 10. Qc2 dxc4 11. Bxc4 e5 12. Rfe1 Bd6 13. h3 e4 14. Ng5 Nb6 15.
Bf1 Re8 16. f3 exf3 17. Nxf3 c5 18. a5 Nbd7 19. Bd3 Bg3 20. Rf1 Nf8 21. Rac1
Be6 22. Ne2 Bb8 23. Qxc5 Bd6 24. Qg5 h6 25. Qh4 Bb4 26. Nc3 Bxa5 27. Rce1 Bb6
28. Kh1 Nd5 29. Qxe7 Rxe7 30. Nxd5 1/2-1/2

[Event "Open"]
[Site "Roma ITA"]
[Date "1995.??.??"]
[Round "?"]
[White "Malloni, Marcello"]
[Black "Ianniello, Riccardo"]
[Result "1/2-1/2"]
[WhiteElo "2195"]
[BlackElo "2320"]
[PlyCount "83"]
[EventDate "1995.??.??"]

1. e4 e5 2. Nc3 Nf6 3. Bc4 d6 4. d3 Be7 5. f4 c6 6. Nf3 Qc7 7. a4 O-O 8. O-O d5
9. exd5 cxd5 10. Bb3 e4 11. Ne5 Bb4 12. Ne2 Nc6 13. d4 Na5 14. Ba2 b6 15. c3
Be7 16. Ng3 Rd8 17. Qe2 Bf8 18. f5 Bd6 19. Bg5 Bxe5 20. dxe5 Qxe5 21. Nh5 Kh8
22. Bxf6 gxf6 23. Qg4 Rg8 24. Qh4 Rg5 25. Bxd5 Bb7 26. Bxb7 Nxb7 27. Rae1 Nd6
28. Ng3 Rag8 29. Qf4 Qc5+ 30. Qe3 Qxe3+ 31. Rxe3 Rg4 32. b3 R8g5 33. Re2 h5 34.
Rd1 h4 35. Rxd6 hxg3 36. hxg3 Rxf5 37. Rd7 Kg7 38. Rxa7 Re5 39. Rb7 Rxg3 40.
Rxb6 Rxc3 41. b4 e3 42. g3 1/2-1/2

[Event "Open"]
[Site "Roma ITA"]
[Date "1995.??.??"]
[Round "?"]
[White "Malloni, Marcello"]
[Black "Zhu, Dinglong"]
[Result "1-0"]
[WhiteElo "2195"]
[BlackElo "2320"]
[PlyCount "89"]
[EventDate "1995.??.??"]

1. e4 d5 2. exd5 Qxd5 3. Nc3 Qa5 4. d4 Nf6 5. Nf3 Bg4 6. h3 Bh5 7. g4 Bg6 8.
Ne5 e6 9. h4 Bb4 10. Bd2 Qb6 11. Bg2 Bxc3 12. Bxc3 Be4 13. Bxe4 Nxe4 14. Qf3
Nd6 15. O-O-O Nc6 16. Rhe1 Ne7 17. d5 exd5 18. Nxf7 Nxf7 19. Bxg7 Rf8 20. Rxe7+
Kxe7 21. Re1+ Kd6 22. Qf4+ Kd7 23. Qf5+ Kc6 24. Bxf8 Qa5 25. Re6+ Nd6 26. Bxd6
cxd6 27. Re3 a6 28. Qxh7 d4 29. Qe4+ Kc5 30. c3 Qxa2 31. Qxd4+ Kc6 32. Qe4+ Kb6
33. Qd4+ Kc6 34. Re7 Rb8 35. f4 Qa1+ 36. Kc2 Qf1 37. Kb3 b5 38. f5 a5 39. Qe4+
Kb6 40. Qd4+ Kc6 41. Qe4+ Kb6 42. Qd5 Qf4 43. Ka2 b4 44. Rd7 b3+ 45. Ka3 1-0

[Event "Open"]
[Site "Roma ITA"]
[Date "1995.??.??"]
[Round "?"]
[White "Marzano, Carlo"]
[Black "Ferretti, Folco"]
[Result "1/2-1/2"]
[WhiteElo "2205"]
[BlackElo "2275"]
[PlyCount "100"]
[EventDate "1995.??.??"]

1. d4 Nf6 2. Nf3 d5 3. Bg5 Nbd7 4. e3 g6 5. c4 Ne4 6. Bf4 c6 7. Nc3 Nxc3 8.
bxc3 Bg7 9. cxd5 cxd5 10. Qb3 Qa5 11. Bd3 O-O 12. O-O Nf6 13. Rfc1 Nh5 14. Bg3
Nxg3 15. hxg3 Rb8 16. Qb4 Qd8 17. a4 Bg4 18. Rab1 Qd7 19. c4 dxc4 20. Bxc4 Bf5
21. Bb5 Qd6 22. Qxd6 exd6 23. Rb3 Rfc8 24. Rbc3 Kf8 25. Kf1 a6 26. Rxc8+ Rxc8
27. Rxc8+ Bxc8 28. Bc4 Bf6 29. Ke2 Bd7 30. Bb3 b5 31. axb5 Bxb5+ 32. Ke1 Bd8
33. Nd2 Ba5 34. Bd5 Ke7 35. Kd1 f6 36. Nc4 Ba4+ 37. Ke2 Bc7 38. Kd3 Kd7 39. Kc3
Bc6 40. Bxc6+ Kxc6 41. g4 d5 42. Nb2 Kb5 43. Kb3 Ba5 44. Nd3 Bd2 45. Nf4 Kc6
46. Ka4 a5 47. Nd3 g5 48. Nc5 Kd6 49. Kb5 Be1 50. Nd3 Bd2 1/2-1/2

[Event "Open"]
[Site "Roma ITA"]
[Date "1995.??.??"]
[Round "?"]
[White "Marzano, Carlo"]
[Black "Picardi, Angelo"]
[Result "1-0"]
[WhiteElo "2205"]
[BlackElo "2057"]
[PlyCount "36"]
[EventDate "1995.??.??"]

1. d4 Nf6 2. Nf3 g6 3. Bg5 Bg7 4. Nbd2 d6 5. e4 Nbd7 6. c3 O-O 7. Be2 e5 8. O-O
h6 9. Bh4 Qe8 10. Qc2 Nh5 11. Rfe1 f5 12. exf5 gxf5 13. dxe5 dxe5 14. Nd4 Nb6
15. Nb5 Nf4 16. Bf1 Qf7 17. f3 Be6 18. Rad1 a6 1-0

[Event "Open"]
[Site "Roma ITA"]
[Date "1995.??.??"]
[Round "?"]
[White "Marzano, Carlo"]
[Black "Quimi, Marco"]
[Result "0-1"]
[WhiteElo "2205"]
[BlackElo "2200"]
[PlyCount "137"]
[EventDate "1995.??.??"]

1. d4 Nf6 2. Nf3 d5 3. Bg5 Bf5 4. c4 c6 5. Qb3 Qb6 6. c5 Qxb3 7. axb3 Nbd7 8.
b4 Ne4 9. Bf4 f6 10. h3 h5 11. e3 e6 12. Nc3 Nxc3 13. bxc3 a6 14. b5 cxb5 15.
Bxb5 e5 16. Bh2 Rc8 17. Be2 h4 18. O-O g6 19. Ra2 Rh7 20. Rb2 Nb8 21. Ra1 Nc6
22. Nd2 Re7 23. Bf3 Rd8 24. Nb3 Bg7 25. Rd1 Red7 26. Be2 Re7 27. Bf3 Red7 28.
Kf1 Kf7 29. Rbd2 Bh6 30. dxe5 fxe5 31. Rxd5 Kf6 32. Rxd7 Rxd7 33. Rd6+ Rxd6 34.
cxd6 Bf8 35. Nc5 Nd8 36. Nxb7 Bd3+ 37. Ke1 Nxb7 38. Bxb7 Bxd6 39. Kd2 Bc4 40.
Bc6 g5 41. Bg1 a5 42. Kc2 Bc5 43. Be4 a4 44. Bd3 Bb3+ 45. Kb2 Bd5 46. e4 a3+
47. Ka1 Bb3 48. Bb1 Bc4 49. Bc2 Bf1 50. Bd1 Bxg2 51. Bg4 Bf1 52. Bh2 Bxf2 53.
Ka2 Bc5 54. Kb3 Be7 55. Bg1 Bc4+ 56. Kc2 a2 57. Kb2 Ba3+ 58. Ka1 Bc1 59. Bc5
Bf7 60. Bb6 Ke7 61. Bc5+ Kd8 62. Bb6+ Ke8 63. Be2 Bd2 64. Bb5+ Ke7 65. Bc5+ Kf6
66. c4 Be6 67. Kxa2 Bxh3 68. Bf2 Bf1 69. Kb2 0-1

[Event "Open"]
[Site "Roma ITA"]
[Date "1995.??.??"]
[Round "?"]
[White "Monteleone, Antonio"]
[Black "Ferretti, Folco"]
[Result "1/2-1/2"]
[WhiteElo "2225"]
[BlackElo "2275"]
[PlyCount "21"]
[EventDate "1995.??.??"]

1. d4 Nf6 2. Nf3 g6 3. c4 Bg7 4. Nc3 d5 5. cxd5 Nxd5 6. e4 Nxc3 7. bxc3 O-O 8.
Be2 c5 9. Rb1 b6 10. O-O Bb7 11. Qd3 1/2-1/2

[Event "Open"]
[Site "Roma ITA"]
[Date "1995.??.??"]
[Round "?"]
[White "Monteleone, Antonio"]
[Black "Quimi, Marco"]
[Result "0-1"]
[WhiteElo "2225"]
[BlackElo "2200"]
[PlyCount "71"]
[EventDate "1995.??.??"]

1. d4 Nf6 2. Nf3 g6 3. Bf4 Bg7 4. e3 O-O 5. Nbd2 a5 6. Be2 d5 7. O-O Nbd7 8. h3
h6 9. Ne5 c5 10. c4 cxd4 11. exd4 Qb6 12. c5 Qxb2 13. Ndc4 dxc4 14. Nxc4 Qc3
15. Rc1 Qb4 16. Rb1 Nd5 17. Rxb4 axb4 18. Be3 Nc3 19. Qe1 Rxa2 20. Bd3 Rd8 21.
Nd2 Ra8 22. Bc4 e6 23. Nb3 b5 24. Bxb5 Nxb5 25. Qxb4 Nc7 26. Ra1 Nd5 27. Qb5
Rb8 28. Qa5 Bb7 29. Qa7 Bc6 30. Na5 Ra8 31. Nxc6 Rxa7 32. Rxa7 Rc8 33. Na5 Rc7
34. Ra8+ Kh7 35. c6 N7f6 36. Rb8 0-1

[Event "Open"]
[Site "Roma ITA"]
[Date "1995.??.??"]
[Round "?"]
[White "Monteleone, Antonio"]
[Black "Tosoni, Augusto"]
[Result "1-0"]
[WhiteElo "2225"]
[BlackElo "1936"]
[PlyCount "75"]
[EventDate "1995.??.??"]

1. d4 Nf6 2. c4 g6 3. Nc3 Bg7 4. e4 d6 5. Nf3 O-O 6. Be2 e5 7. O-O Nc6 8. d5
Ne7 9. Ne1 Ne8 10. Be3 f5 11. f3 f4 12. Bf2 g5 13. c5 h5 14. Rc1 Ng6 15. a4 Rf7
16. b4 Nf6 17. cxd6 cxd6 18. a5 g4 19. Nb5 g3 20. Bxa7 gxh2+ 21. Kh1 Rxa7 22.
Nxa7 Bd7 23. Bb5 h4 24. Bxd7 Qxd7 25. Qc2 Bf8 26. Qc8 Qa4 27. Nd3 Nh5 28. Rf2
Ng3+ 29. Kxh2 h3 30. gxh3 Qa3 31. Qc3 Qa4 32. b5 Nxe4 33. fxe4 Qxe4 34. Rg2 Rh7
35. Nf2 Qf5 36. Rxg6+ Kf7 37. Rcg1 f3 38. Qc8 1-0

[Event "Open"]
[Site "Roma ITA"]
[Date "1995.??.??"]
[Round "?"]
[White "Nicevski, Risto"]
[Black "Marzano, Carlo"]
[Result "1-0"]
[WhiteElo "2340"]
[BlackElo "2205"]
[PlyCount "45"]
[EventDate "1995.??.??"]

1. e4 Nc6 2. d4 e5 3. dxe5 Nxe5 4. f4 Ng6 5. Bc4 d6 6. Nc3 Nf6 7. Nf3 Bg4 8. h3
Bxf3 9. Qxf3 Be7 10. Bd2 c6 11. O-O-O O-O 12. h4 Re8 13. h5 Nf8 14. e5 N6d7 15.
exd6 Bxd6 16. Ne4 Be7 17. Qb3 Ne6 18. Bxe6 fxe6 19. Qxe6+ Kh8 20. h6 Bf6 21.
hxg7+ Kxg7 22. Qg4+ Kf8 23. Bb4+ 1-0

[Event "Open"]
[Site "Roma ITA"]
[Date "1995.??.??"]
[Round "?"]
[White "Nicevski, Risto"]
[Black "Quimi, Marco"]
[Result "1-0"]
[WhiteElo "2340"]
[BlackElo "2200"]
[PlyCount "53"]
[EventDate "1995.??.??"]

1. e4 c5 2. Nf3 d6 3. c3 Nf6 4. Bd3 e5 5. O-O Be7 6. Re1 O-O 7. Bc2 Bg4 8. d3
h6 9. Nbd2 Nh7 10. h3 Be6 11. d4 Qc7 12. Nf1 cxd4 13. cxd4 Na6 14. Bd2 Ng5 15.
Rc1 Rac8 16. N1h2 Bf6 17. Nxg5 Bxg5 18. Ba4 Qe7 19. Rxc8 Rxc8 20. Bxg5 hxg5 21.
d5 Bd7 22. Bxd7 Qxd7 23. Ng4 Nb4 24. Qd2 Qb5 25. Qxg5 Nd3 26. Nh6+ Kf8 27. Nf5
1-0

[Event "Open"]
[Site "Roma ITA"]
[Date "1995.??.??"]
[Round "?"]
[White "Nurkic, Sahbaz"]
[Black "Ianniello, Riccardo"]
[Result "1-0"]
[WhiteElo "2450"]
[BlackElo "2320"]
[PlyCount "69"]
[EventDate "1995.??.??"]

1. e4 e6 2. d4 Ne7 3. Nf3 d5 4. Nbd2 c6 5. c3 Nd7 6. Bd3 Ng6 7. O-O Be7 8. Re1
O-O 9. e5 Re8 10. g3 Ndf8 11. h4 f5 12. exf6 gxf6 13. h5 Nh8 14. Nh4 f5 15.
Ndf3 Nf7 16. Bf4 Bd7 17. Kh2 Bf6 18. Re2 Bg5 19. Bxg5 Nxg5 20. Nxg5 Qxg5 21.
Re5 h6 22. f4 Qg7 23. g4 Re7 24. Qe2 fxg4 25. Nf5 exf5 26. Rxe7 Qf6 27. Kg3 Ne6
28. Rxd7 Nxf4 29. Kxf4 Qg5+ 30. Kg3 f4+ 31. Kh2 Qh4+ 32. Kg1 Qg3+ 33. Qg2 Qe3+
34. Qf2 Qxd3 35. Qxf4 1-0

[Event "Open"]
[Site "Roma ITA"]
[Date "1995.??.??"]
[Round "?"]
[White "Nurkic, Sahbaz"]
[Black "Malloni, Marcello"]
[Result "1/2-1/2"]
[WhiteElo "2450"]
[BlackElo "2195"]
[PlyCount "73"]
[EventDate "1995.??.??"]

1. e4 e6 2. d4 d5 3. Nd2 Nf6 4. e5 Nfd7 5. Bd3 c5 6. c3 Nc6 7. Ne2 cxd4 8. cxd4
f6 9. exf6 Nxf6 10. O-O Bd6 11. Nf3 Qc7 12. Bg5 O-O 13. Rc1 Ng4 14. h3 Rxf3 15.
hxg4 Rf7 16. Bb1 Bd7 17. Rc3 g6 18. f4 Re8 19. Rcf3 Be7 20. Bxe7 Nxe7 21. Bd3
Qb6 22. Qd2 Ref8 23. Qe3 Nc6 24. a3 Nd8 25. b4 a6 26. Rg3 Qd6 27. Rff3 Nc6 28.
Rh3 Qe7 29. Rfg3 Rg7 30. Rh6 Rff7 31. g5 Qd8 32. Rf3 Qb6 33. Kh2 Re7 34. g4 Nd8
35. Rfh3 Bb5 36. Bxb5 axb5 37. Kg2 1/2-1/2

[Event "Open"]
[Site "Roma ITA"]
[Date "1995.??.??"]
[Round "?"]
[White "Picardi, Angelo"]
[Black "Farina, Saverio"]
[Result "1/2-1/2"]
[WhiteElo "2057"]
[BlackElo "2120"]
[PlyCount "23"]
[EventDate "1995.??.??"]

1. e4 e6 2. d4 d5 3. exd5 exd5 4. Bd3 Nc6 5. c3 Bd6 6. Qe2+ Qe7 7. Qxe7+ Ngxe7
8. Ne2 Bf5 9. Bxf5 Nxf5 10. Bf4 Kd7 11. Kd2 Rae8 12. Na3 1/2-1/2

[Event "Open"]
[Site "Roma ITA"]
[Date "1995.??.??"]
[Round "?"]
[White "Picardi, Angelo"]
[Black "Monteleone, Antonio"]
[Result "1/2-1/2"]
[WhiteElo "2057"]
[BlackElo "2225"]
[PlyCount "20"]
[EventDate "1995.??.??"]

1. e4 e6 2. d4 d5 3. e5 c5 4. Nf3 cxd4 5. Bd3 Nc6 6. O-O f6 7. Qe2 fxe5 8. Nxe5
Nf6 9. Bf4 Bd6 10. Nd2 O-O 1/2-1/2

[Event "Open"]
[Site "Roma ITA"]
[Date "1995.??.??"]
[Round "?"]
[White "Picardi, Angelo"]
[Black "Nicevski, Risto"]
[Result "0-1"]
[WhiteElo "2057"]
[BlackElo "2340"]
[PlyCount "52"]
[EventDate "1995.??.??"]

1. e4 c5 2. d4 cxd4 3. c3 dxc3 4. Nxc3 Nc6 5. Nf3 e6 6. Bc4 Qc7 7. Qe2 Nf6 8.
e5 Ng4 9. Bf4 d5 10. exd6 Bxd6 11. Nb5 Bb4+ 12. Bd2 Qe7 13. Bxb4 Nxb4 14. O-O
a6 15. Nc3 O-O 16. Rad1 Nf6 17. Ne5 b5 18. Bb3 Bb7 19. f4 Nbd5 20. f5 Nxc3 21.
bxc3 Bd5 22. c4 Be4 23. fxe6 Qc5+ 24. Kh1 Qxe5 25. exf7+ Kh8 26. Bc2 Qb2 0-1

[Event "Open"]
[Site "Roma ITA"]
[Date "1995.??.??"]
[Round "?"]
[White "Picardi, Angelo"]
[Black "Vignato, Giovanni"]
[Result "0-1"]
[WhiteElo "2057"]
[BlackElo "1918"]
[PlyCount "67"]
[EventDate "1995.??.??"]

1. e4 c6 2. d3 d5 3. Nd2 e5 4. Ngf3 Bd6 5. g3 Ne7 6. Bg2 f6 7. O-O Be6 8. d4
O-O 9. Re1 Ng6 10. b3 Kh8 11. Bb2 Nd7 12. c4 Bg8 13. Qc2 Rc8 14. h4 Re8 15.
Rad1 Bb8 16. Qb1 exd4 17. cxd5 c5 18. Bh3 Ne7 19. Rc1 f5 20. Ng5 Nf8 21. exf5
Nxd5 22. f6 Rxe1+ 23. Rxe1 gxf6 24. Bxc8 fxg5 25. Bxb7 gxh4 26. Qf5 hxg3 27.
Nf3 gxf2+ 28. Kxf2 Qd6 29. Nxd4 Qh2+ 30. Kf1 Qxb2 31. Bxd5 Qxd4 32. Qxf8 Qd3+
33. Re2 Qh3+ 34. Bg2 0-1

[Event "Open"]
[Site "Roma ITA"]
[Date "1995.??.??"]
[Round "?"]
[White "Pienabarca, Nicola"]
[Black "Nurkic, Sahbaz"]
[Result "0-1"]
[WhiteElo "1965"]
[BlackElo "2450"]
[PlyCount "68"]
[EventDate "1995.??.??"]

1. d4 g6 2. Nf3 Bg7 3. c3 Nf6 4. Bg5 O-O 5. Nbd2 d5 6. e3 Nbd7 7. Bd3 Re8 8.
O-O e5 9. e4 exd4 10. cxd4 dxe4 11. Nxe4 h6 12. Bh4 g5 13. Nxf6+ Nxf6 14. Bg3
Bg4 15. Rc1 c6 16. Be2 Qb6 17. Be5 Rad8 18. Qc2 Bh5 19. Bc4 Nd5 20. Rfe1 Bxf3
21. gxf3 Bxe5 22. Rxe5 Qxd4 23. Rxe8+ Rxe8 24. Rd1 Qf6 25. Bxd5 cxd5 26. Qb3
Re2 27. Qxd5 Rxb2 28. Rd4 Rxa2 29. h4 Ra5 30. Qe4 gxh4 31. Qe8+ Kg7 32. Rg4+
Rg5 33. Kg2 Rxg4+ 34. fxg4 Qc6+ 0-1

[Event "Open"]
[Site "Roma ITA"]
[Date "1995.??.??"]
[Round "?"]
[White "Pienabarca, Nicola"]
[Black "Tribuiani, Renato"]
[Result "1/2-1/2"]
[WhiteElo "1965"]
[BlackElo "2110"]
[PlyCount "106"]
[EventDate "1995.??.??"]

1. d4 e6 2. e4 c5 3. c3 Nf6 4. Bd3 b6 5. Bg5 Bb7 6. Nd2 Be7 7. Ngf3 d6 8. O-O
Nbd7 9. e5 dxe5 10. dxe5 Nd5 11. Ne4 Nxe5 12. Nxe5 Bxg5 13. Bb5+ Kf8 14. Qh5 g6
15. Qxg5 Qxg5 16. Nxg5 f6 17. Nxe6+ Ke7 18. Nc4 a6 19. Rfe1 axb5 20. Nf4+ Kd8
21. Nxd5 bxc4 22. Nxb6 Ra6 23. Nxc4 Bc8 24. Rad1+ Bd7 25. Rd6 Rxd6 26. Nxd6 Kc7
27. Rd1 Bc6 28. Nc4 Re8 29. Ne3 f5 30. h4 Re4 31. g3 f4 32. Nd5+ Bxd5 33. Rxd5
Kc6 34. Rd2 fxg3 35. fxg3 Re1+ 36. Kf2 Ra1 37. b3 c4 38. b4 Rc1 39. Rd4 Rxc3
40. a4 h5 41. g4 hxg4 42. Rxg4 Kd5 43. Rxg6 Rh3 44. a5 Rxh4 45. a6 Rh7 46. Rg5+
Kc6 47. Ra5 Kb6 48. Ke3 Rd7 49. Ra3 Ra7 50. Rc3 Kb5 51. Rc1 Kxb4 52. Rb1+ Kc3
53. Rc1+ Kb3 1/2-1/2

[Event "Open"]
[Site "Roma ITA"]
[Date "1995.??.??"]
[Round "?"]
[White "Quimi, Marco"]
[Black "Farina, Saverio"]
[Result "1/2-1/2"]
[WhiteElo "2200"]
[BlackElo "2120"]
[PlyCount "154"]
[EventDate "1995.??.??"]

1. e4 e6 2. d4 d5 3. e5 c5 4. c3 Nc6 5. Nf3 Qb6 6. a3 c4 7. Nbd2 f6 8. g3 fxe5
9. Nxe5 Nf6 10. f4 Bd6 11. Bg2 O-O 12. Nxc6 bxc6 13. Qe2 Bd7 14. O-O Rae8 15.
Kh1 Kh8 16. Nf3 Re7 17. Be3 Be8 18. h3 Bg6 19. Ne5 Be4 20. Rac1 Qc7 21. Rf2
Bxg2+ 22. Kxg2 Ne4 23. Rff1 Bxe5 24. fxe5 Ref7 25. Qh5 Kg8 26. Rf4 Rxf4 27.
gxf4 Qf7 28. Qg4 Qf5 29. Kh2 Qxg4 30. hxg4 Rb8 31. Rc2 g6 32. Kg2 Kg7 33. Kf3
Rf8 34. Kg2 Rb8 35. Bc1 Rb7 36. Kf3 Rf7 37. Be3 g5 38. Rh2 Kg6 39. a4 a6 40.
Rh1 h6 41. Rh2 Rf8 42. Rh1 Rf7 43. Rf1 gxf4 44. Bc1 Ng5+ 45. Kg2 f3+ 46. Kh2
Ne4 47. Be3 Rb7 48. Bc1 f2 49. Kg2 Rh7 50. Be3 h5 51. gxh5+ Rxh5 52. Bxf2 Rf5
53. Be3 Rxf1 54. Kxf1 Kf5 55. Ke2 Kg4 56. Bc1 Kg3 57. Be3 Kg2 58. Kd1 Kf3 59.
Bg1 Ng3 60. Kd2 Ke4 61. Bf2 Nf1+ 62. Kc2 Kf3 63. Bh4 Ke2 64. Bg5 Ng3 65. Be7
Ne4 66. Bf8 Nf2 67. Be7 Nd3 68. Bh4 c5 69. b3 cxb3+ 70. Kxb3 cxd4 71. cxd4 Ke3
72. Kc3 Ke4 73. Bg5 Nxe5 74. dxe5 Kxe5 75. Kb4 Kd6 76. Ka5 Kc7 77. Kxa6 Kb8
1/2-1/2

[Event "Open"]
[Site "Roma ITA"]
[Date "1995.??.??"]
[Round "?"]
[White "Quimi, Marco"]
[Black "Pienabarca, Nicola"]
[Result "1-0"]
[WhiteElo "2200"]
[BlackElo "1965"]
[PlyCount "174"]
[EventDate "1995.??.??"]

1. e4 e6 2. d4 d5 3. e5 c5 4. c3 Nc6 5. Nf3 Bd7 6. dxc5 Bxc5 7. Bd3 Qc7 8. Qe2
Nge7 9. Bf4 Ng6 10. Bg3 Rc8 11. O-O O-O 12. h4 Be7 13. h5 Nh8 14. Re1 Qb6 15.
b4 f5 16. exf6 Bxf6 17. Bd6 e5 18. Bc5 Qc7 19. Bc2 e4 20. Nd4 Nxd4 21. cxd4 b6
22. Bxf8 Qxc2 23. Qxc2 Rxc2 24. Na3 Rc3 25. Bd6 Rxa3 26. Re3 Rxe3 27. fxe3 Nf7
28. Bf4 Nd8 29. Rc1 Ne6 30. Bb8 Bg5 31. Kf2 a6 32. Be5 Kf7 33. Rc3 Ke7 34. Bc7
Nxc7 35. Rxc7 Kd6 36. Ra7 Kc6 37. Rxa6 Kb7 38. Ra3 Be7 39. Rb3 Ba4 40. Rb1 Ka6
41. a3 Bb5 42. Rc1 Bc4 43. Kg3 Bg5 44. Rc3 Kb5 45. Kg4 Bf6 46. Kg3 Be2 47. Rc7
Bxh5 48. Rd7 Kc6 49. Ra7 Be2 50. a4 h6 51. Kf4 g5+ 52. Kf5 Bd8 53. b5+ Kd6 54.
Rh7 h5 55. Rh6+ Kd7 56. Ke5 Bc4 57. Rh7+ Be7 58. Rxh5 g4 59. Rh6 Bd8 60. Rh7+
Kc8 61. Kd6 g3 62. Kc6 Bb3 63. Rg7 Bxa4 64. Rxg3 Bd1 65. Kxd5 Kd7 66. Rg7+ Be7
67. Kxe4 Ba4 68. Kf4 Bxb5 69. e4 Bc4 70. Ke5 Ke8 71. d5 Kf8 72. Rh7 b5 73. Ke6
Bc5 74. Rc7 Bd4 75. e5 Be2 76. Kf6 Ke8 77. Rc2 Bc4 78. Ke6 Bc5 79. g4 Be7 80.
Rg2 Bf8 81. Rc2 Be7 82. Rh2 b4 83. g5 b3 84. g6 Bf8 85. Rh4 Kd8 86. g7 Bxg7 87.
Rxc4 Bf8 1-0